| 000 | 00775nam a22002057a 4500 | ||
|---|---|---|---|
| 999 |
_c13909 _d13909 |
||
| 003 | AR-CdUCM | ||
| 008 | 190417b ||||| |||| 00| 0 spa d | ||
| 040 |
_aMUNICIPALIDAD PROVINCIAL DEL CUSCO _cBIBLIOTECA MUNICIPAL DEL CUSCO |
||
| 082 |
_a377.7 / _bA32 |
||
| 100 |
_aAguirre Espinoza, Edwards Jesús _932517 |
||
| 245 | _aApuntes de filosofía de la educación artística / | ||
| 260 |
_aCusco : _bMonografia, _c2008. |
||
| 300 |
_a97 páginas ; _c21 cm. |
||
| 505 | _aContenido : Identidad y educación artística -- La educación por el arte como proceso de interiorización -- La educación artística como colaboración ... | ||
| 650 |
_aEducación _9460 |
||
| 650 |
_aArte _9561 |
||
| 650 |
_aFilosofía _9395 |
||
| 942 |
_2ddc _cLIBROS |
||
| 945 |
_arah _d17/04/2019 |
||